[Event "XV  MIEDZYNARODOWY FESTIWAL  SZACHOWY "]
[Site "Rewal"]
[Date "2010.08.20"]
[Round "2.3"]
[White "Szuper, Paul"]
[Black "Sharapov, Evgeny"]
[Result "0-1"]
[WhiteElo "2192"]
[BlackElo "2499"]
[PlyCount "52"]
[EventDate "2010.08.20"]

1. d4 Nf6 2. Nf3 c5 3. c4 cxd4 4. Nxd4 Nc6 5. Nc3 e6 6. a3 Bc5 7. Nb3 Be7 8. e4
O-O 9. Be2 b6 10. O-O d6 11. Be3 Bb7 12. Rc1 Ne5 13. f3 a6 14. Qd4 Ned7 15.
Rfd1 Qc7 16. Bf2 Rfd8 17. Qe3 Rab8 18. Nd4 Re8 19. b4 Rbc8 20. Nb3 Qb8 21. Bg3
Nh5 22. Bf2 Bd8 23. g4 Nhf6 24. g5 Nh5 25. f4 g6 26. Bxh5 gxh5 0-1

[Event "XV  MIEDZYNARODOWY FESTIWAL  SZACHOWY "]
[Site "Rewal"]
[Date "2010.08.20"]
[Round "2.4"]
[White "Koziak, Vitali"]
[Black "Sroka, Janusz"]
[Result "1-0"]
[WhiteElo "2470"]
[BlackElo "2148"]
[PlyCount "37"]
[EventDate "2010.08.20"]

1. e4 e5 2. Nf3 d6 3. d4 Nd7 4. Bc4 c6 5. O-O Be7 6. dxe5 dxe5 7. Qe2 Ngf6 8.
Rd1 b5 9. Bb3 Qc7 10. a4 b4 11. Ng5 O-O 12. Bxf7+ Rxf7 13. Qc4 Nd5 14. Nxf7
Kxf7 15. Rxd5 Nb6 16. Rd7+ Nxc4 17. Rxc7 Kf8 18. b3 Nd6 19. Be3 1-0

[Event "XV  MIEDZYNARODOWY FESTIWAL  SZACHOWY "]
[Site "Rewal"]
[Date "2010.08.20"]
[Round "2.5"]
[White "Rudolf, Michal"]
[Black "Pietruszewski, Marcin"]
[Result "1-0"]
[WhiteElo "2372"]
[BlackElo "2098"]
[PlyCount "113"]
[EventDate "2010.08.20"]

1. e4 c6 2. d4 d5 3. Nc3 dxe4 4. Nxe4 Bf5 5. Nc5 b6 6. Nb3 e6 7. Nf3 Nf6 8. g3
Nbd7 9. Bg2 Rc8 10. O-O Bd6 11. Re1 O-O 12. Ne5 c5 13. Nc6 Qc7 14. dxc5 bxc5
15. Nxa7 Bxc2 16. Qxc2 Qxa7 17. Nd2 Be5 18. Nc4 Bd4 19. Be3 Rfd8 20. Rad1 Nb6
21. Nxb6 Qxb6 22. b3 h5 23. Rc1 Rc7 24. Bg5 Rcd7 25. Bf3 h4 26. Bxh4 Qa5 27.
Red1 e5 28. a4 Qb4 29. Re1 Rb8 30. Bxf6 gxf6 31. Qf5 Rd6 32. Be4 Kf8 33. Bd3
Ke7 34. Bc4 Rh8 35. Re2 Qa3 36. Rb1 Rdd8 37. Qf3 Qb4 38. Ra2 Rd6 39. a5 Qb8 40.
a6 Qa7 41. Re1 Rdd8 42. Ree2 Qa8 43. Qxa8 Rxa8 44. a7 Rhd8 45. Ra6 Rd7 46. Rea2
e4 47. Kg2 Rd6 48. Rxd6 Kxd6 49. Ra6+ Ke5 50. Bxf7 c4 51. Ra5+ Kd6 52. Rd5+ Ke7
53. Rxd4 Kxf7 54. Rxc4 f5 55. Ra4 Ke6 56. h4 Kf6 57. b4 1-0

[Event "XV  MIEDZYNARODOWY FESTIWAL  SZACHOWY "]
[Site "Rewal"]
[Date "2010.08.20"]
[Round "2.6"]
[White "Korneevets, Alexander"]
[Black "Reza, Wojciech"]
[Result "1-0"]
[WhiteElo "2314"]
[BlackElo "1940"]
[PlyCount "87"]
[EventDate "2010.08.20"]

1. d4 Nf6 2. g3 c5 3. dxc5 Na6 4. Bg2 Nxc5 5. c4 d6 6. b4 Na6 7. a3 Qc7 8. Nd2
e5 9. Bb2 Be7 10. Rc1 O-O 11. Ngf3 Qb6 12. O-O Be6 13. e4 Rac8 14. Qe2 Nb8 15.
Nb3 Qa6 16. Nfd2 Nbd7 17. Rfe1 Qa4 18. Qd3 Rc7 19. h3 Rfc8 20. Bf1 Nb6 21. Na5
Qd7 22. Kh2 Na4 23. Ba1 b5 24. Qe3 bxc4 25. Ndxc4 Nb6 26. Nxb6 axb6 27. Rxc7
Qxc7 28. Nb3 Nxe4 29. Rc1 Qb7 30. Bg2 f5 31. Rd1 Qa6 32. Nd2 Qa4 33. Re1 Nxd2
34. Qxd2 Qxa3 35. Bd5 Kf7 36. Bxe5 dxe5 37. Rxe5 Bxd5 38. Qxd5+ Ke8 39. Qg8+
Kd7 40. Qe6+ Kc7 41. Qxe7+ Kb8 42. Qd6+ Kb7 43. Re7+ Ka6 44. b5+ 1-0

[Event "XV  MIEDZYNARODOWY FESTIWAL  SZACHOWY "]
[Site "Rewal"]
[Date "2010.08.20"]
[Round "2.7"]
[White "Wandzik, Wojciech"]
[Black "Jaracz, Barbara"]
[Result "1-0"]
[WhiteElo "2151"]
[BlackElo "2280"]
[PlyCount "65"]
[EventDate "2010.08.20"]

1. e4 e5 2. Nf3 Nc6 3. Bb5 a6 4. Bxc6 dxc6 5. O-O Bg4 6. h3 Bh5 7. g4 Bg6 8.
Nxe5 Qh4 9. Qf3 f6 10. Nxg6 hxg6 11. Kg2 Bd6 12. d3 O-O-O 13. Nd2 Ne7 14. Nc4
g5 15. Nxd6+ cxd6 16. Qg3 Qh7 17. f4 gxf4 18. Bxf4 Ng6 19. Rae1 Kc7 20. c4 c5
21. Rb1 a5 22. a3 b6 23. b4 axb4 24. axb4 Nxf4+ 25. Rxf4 Ra8 26. Rf2 Qh6 27.
bxc5 bxc5 28. Rb5 Qg5 29. d4 Kc6 30. Rfb2 Rhd8 31. Rb7 cxd4 32. Qb3 Qc5 33.
Rc7+ 1-0

[Event "XV  MIEDZYNARODOWY FESTIWAL  SZACHOWY "]
[Site "Rewal"]
[Date "2010.08.20"]
[Round "2.8"]
[White "Polok, Kacper"]
[Black "Piesik, Piotr"]
[Result "0-1"]
[WhiteElo "2041"]
[BlackElo "2264"]
[PlyCount "66"]
[EventDate "2010.08.20"]

1. e4 Nc6 2. Nf3 d6 3. d4 Bg4 4. Nc3 g6 5. Bb5 a6 6. Bxc6+ bxc6 7. h3 Bxf3 8.
gxf3 Bg7 9. Be3 Rb8 10. Rb1 c5 11. dxc5 Rxb2 12. Nd5 Rxb1 13. Qxb1 e6 14. Nb4
Qc8 15. Ke2 Ne7 16. Rd1 O-O 17. Qb3 a5 18. cxd6 cxd6 19. Nd3 Qc6 20. Bg5 Re8
21. Nb2 d5 22. Bxe7 Rxe7 23. exd5 exd5+ 24. Kf1 Rb7 25. Qa4 Qe6 26. Nd3 Qxh3+
27. Kg1 Qxf3 28. Re1 h5 29. Qc6 Rb8 30. Qc7 Qg4+ 31. Kf1 Rc8 32. Qxa5 Qh3+ 33.
Kg1 Rc4 0-1

[Event "XV  MIEDZYNARODOWY FESTIWAL  SZACHOWY "]
[Site "Rewal"]
[Date "2010.08.20"]
[Round "2.9"]
[White "Gabrys, Sebastian"]
[Black "Brodowski, Piotr"]
[Result "0-1"]
[WhiteElo "1833"]
[BlackElo "2421"]
[PlyCount "68"]
[EventDate "2010.08.20"]

1. e4 c5 2. Nf3 Nc6 3. d4 cxd4 4. Nxd4 Nf6 5. Nc3 e5 6. Nb3 Bb4 7. Bd3 d5 8.
exd5 Nxd5 9. Bd2 Nxc3 10. bxc3 Be7 11. O-O O-O 12. Qh5 g6 13. Qe2 Be6 14. Bb5
Qc7 15. Bxc6 bxc6 16. Rfe1 Bf6 17. Nc5 Bc8 18. Bh6 Re8 19. Qf3 Bg7 20. Bxg7
Kxg7 21. Qg3 Bf5 22. Nd3 f6 23. Qe3 Qa5 24. Nb4 Qb5 25. Rad1 h5 26. Nd3 Qc4 27.
Qb6 Re7 28. Qb3 Be6 29. Qxc4 Bxc4 30. a3 Rb8 31. Re4 Bxd3 32. cxd3 Rb3 33. Rc4
Rxa3 34. Rxc6 a5 0-1

[Event "XV  MIEDZYNARODOWY FESTIWAL  SZACHOWY "]
[Site "Rewal"]
[Date "2010.08.20"]
[Round "2.10"]
[White "Oliwa, Marek"]
[Black "Rogala, Robert"]
[Result "1-0"]
[WhiteElo "2418"]
[BlackElo "2037"]
[PlyCount "56"]
[EventDate "2010.08.20"]

1. d4 Nc6 2. Nf3 d5 3. Bf4 Nf6 4. e3 e6 5. c4 Be7 6. Nc3 O-O 7. h3 a6 8. Rc1
dxc4 9. Bxc4 b5 10. Bd3 Nb4 11. Bb1 Nbd5 12. Nxd5 Nxd5 13. Bxc7 Bb4+ 14. Ke2
Nxc7 15. Qc2 f5 16. Qxc7 Bd6 17. Qxd8 Rxd8 18. a3 Kf7 19. g4 g6 20. Rhd1 h6 21.
e4 Bb7 22. Ne5+ Bxe5 23. dxe5 Bxe4 24. Bxe4 fxe4 25. Rc7+ Kg8 26. Rd6 Rac8 27.
Rxc8 Rxc8 28. Rxe6 Kg7 1-0

[Event "XV  MIEDZYNARODOWY FESTIWAL  SZACHOWY "]
[Site "Rewal"]
[Date "2010.08.20"]
[Round "2.11"]
[White "Guzik, Jolanta"]
[Black "Janaszak, Dawid"]
[Result "1/2-1/2"]
[WhiteElo "2112"]
[BlackElo "2318"]
[PlyCount "68"]
[EventDate "2010.08.20"]

1. c4 g6 2. Nc3 Bg7 3. g3 Nf6 4. Bg2 c5 5. a3 O-O 6. Rb1 Nc6 7. d3 d6 8. e3 Bf5
9. Nge2 Qd7 10. h3 e5 11. b4 cxb4 12. axb4 Rac8 13. b5 Ne7 14. e4 Be6 15. Nd5
Ne8 16. Nxe7+ Qxe7 17. O-O f5 18. exf5 gxf5 19. Nc3 Nf6 20. Bg5 Qf7 21. Bxf6
Bxf6 22. Nd5 Bg7 23. b6 axb6 24. Rxb6 Rc6 25. Qb3 Rxb6 26. Qxb6 f4 27. Nc7 Kh8
28. Nxe6 Qxe6 29. Qxb7 Qf5 30. Qf3 fxg3 31. Qxf5 Rxf5 32. fxg3 Rxf1+ 33. Kxf1
Bh6 34. Ke2 Kg7 1/2-1/2

[Event "XV  MIEDZYNARODOWY FESTIWAL  SZACHOWY "]
[Site "Rewal"]
[Date "2010.08.20"]
[Round "2.12"]
[White "Adamski, Jan"]
[Black "Nasuta, Grzegorz"]
[Result "1/2-1/2"]
[WhiteElo "2287"]
[BlackElo "2102"]
[PlyCount "42"]
[EventDate "2010.08.20"]

1. Nf3 Nf6 2. c4 g6 3. Nc3 d5 4. Qa4+ Bd7 5. Qb3 dxc4 6. Qxc4 Bg7 7. e4 Bc6 8.
d3 O-O 9. Be2 Nbd7 10. O-O Nb6 11. Qb3 Nbd7 12. Qc2 b6 13. d4 Bb7 14. Rd1 Rc8
15. e5 Nd5 16. e6 fxe6 17. Ng5 Nxc3 18. bxc3 Rf6 19. Ne4 Rf7 20. Ng5 Rf6 21.
Ne4 Rf7 1/2-1/2

[Event "XV  MIEDZYNARODOWY FESTIWAL  SZACHOWY "]
[Site "Rewal"]
[Date "2010.08.20"]
[Round "2.15"]
[White "Kielar, Maciej"]
[Black "Gola, Karol"]
[Result "1/2-1/2"]
[WhiteElo "2055"]
[BlackElo "2212"]
[PlyCount "59"]
[EventDate "2010.08.20"]

1. e4 c5 2. Nf3 e6 3. d4 cxd4 4. Nxd4 a6 5. Nc3 b5 6. Bd3 Bb7 7. O-O Qc7 8. Qf3
Nf6 9. Bg5 Be7 10. Rad1 b4 11. Nce2 d5 12. e5 Qxe5 13. Bf4 Qh5 14. Qg3 Nbd7 15.
h3 Nc5 16. Qh2 Nxd3 17. cxd3 O-O 18. Rfe1 Nd7 19. Ng3 Qg6 20. Ndf5 Bf6 21. Nd6
e5 22. Bd2 Rab8 23. Bxb4 Ba8 24. Ba3 Be7 25. Ngf5 Bxd6 26. Nxd6 Rb6 27. Rxe5
Nxe5 28. Qxe5 Qe6 29. Qf4 h6 30. Kf1 1/2-1/2

[Event "XV  MIEDZYNARODOWY FESTIWAL  SZACHOWY "]
[Site "Rewal"]
[Date "2010.08.20"]
[Round "2.16"]
[White "Kastelik, Adrian"]
[Black "Jozwicki, Jakub"]
[Result "1-0"]
[WhiteElo "1942"]
[BlackElo "2195"]
[PlyCount "113"]
[EventDate "2010.08.20"]

1. e4 c5 2. c3 Nf6 3. e5 Nd5 4. d4 cxd4 5. cxd4 d6 6. Nf3 e6 7. Bc4 Be7 8. O-O
Nb6 9. Bd3 Bd7 10. Nc3 Bc6 11. Qe2 N8d7 12. exd6 Bxd6 13. Ne4 Be7 14. Bf4 Nf6
15. Nxf6+ Bxf6 16. Be5 O-O 17. Rac1 Rc8 18. Bxf6 Qxf6 19. Ne5 Rfd8 20. Rfd1 Bd5
21. Rxc8 Rxc8 22. b3 Qg5 23. Qg4 Qh6 24. Qe2 Rc1 25. Nc4 Qg5 26. Ne3 Rc7 27.
Bc4 g6 28. Bxd5 Nxd5 29. h4 Qd8 30. Nxd5 Qxd5 31. Qe5 Rd7 32. Qb8+ Kg7 33. Qxa7
Qh5 34. Rd2 Qxh4 35. Qb8 Qe4 36. Kf1 Qd5 37. f4 f6 38. Qc8 e5 39. fxe5 fxe5 40.
Rf2 Qd6 41. Qc5 exd4 42. Qxd6 Rxd6 43. Ke2 h5 44. Kd3 g5 45. a4 h4 46. b4 Kg6
47. a5 g4 48. b5 g3 49. Ra2 Kf5 50. a6 bxa6 51. bxa6 Rd8 52. a7 Ra8 53. Kxd4
Kf4 54. Kc5 Kg4 55. Ra4+ Kf5 56. Kb6 Rh8 57. Rxh4 1-0

[Event "XV  MIEDZYNARODOWY FESTIWAL  SZACHOWY "]
[Site "Rewal"]
[Date "2010.08.20"]
[Round "2.17"]
[White "Andrenko, Irina"]
[Black "Spicak, Krzysztof"]
[Result "1-0"]
[WhiteElo "2133"]
[BlackElo "2026"]
[PlyCount "123"]
[EventDate "2010.08.20"]

1. e4 c5 2. Nf3 e6 3. d4 cxd4 4. Nxd4 Nf6 5. Nc3 d6 6. Bg5 a6 7. f4 h6 8. Bh4
Be7 9. Qf3 Nbd7 10. O-O-O g5 11. fxg5 hxg5 12. Bg3 Nh5 13. Be2 Nxg3 14. hxg3
Rf8 15. Rh7 Ne5 16. Qh5 Qb6 17. Nf3 Nxf3 18. Qxf3 Bd7 19. Rf1 O-O-O 20. Rxf7 g4
21. Qxg4 Rxf7 22. Rxf7 Qe3+ 23. Kb1 Bg5 24. Rf1 Kb8 25. Qf3 Qb6 26. Bc4 Qc5 27.
Bb3 Bh6 28. Rd1 Qe5 29. Qf7 Bc8 30. g4 b5 31. Qf2 Bg5 32. Qb6+ Bb7 33. a4 bxa4
34. Bxa4 Qc5 35. Qxc5 dxc5 36. Rxd8+ Bxd8 37. Bd7 e5 38. Bf5 Kc7 39. Ne2 Kd6
40. Ng1 a5 41. Nf3 Ba6 42. g5 Bf1 43. g6 Bf6 44. g4 Bc4 45. g5 Bg7 46. b3 Bb5
47. Nh4 a4 48. bxa4 Bxa4 49. Bg4 Ke7 50. Nf5+ Kf8 51. Kb2 Bc6 52. Ng3 Ke7 53.
Kc3 Bb5 54. Be2 Be8 55. Nf5+ Kf8 56. Nh4 Bc6 57. Bd3 Kg8 58. Nf5 Bf8 59. g7
Bxg7 60. Nxg7 Kxg7 61. Kc4 Kg6 62. Kxc5 1-0

[Event "XV  MIEDZYNARODOWY FESTIWAL  SZACHOWY "]
[Site "Rewal"]
[Date "2010.08.20"]
[Round "2.18"]
[White "Latocha, Aleksander"]
[Black "Szczepkowska-horowska, Karina"]
[Result "0-1"]
[WhiteElo "1929"]
[BlackElo "2298"]
[PlyCount "74"]
[EventDate "2010.08.20"]

1. e4 e5 2. Nf3 Nf6 3. Nc3 Nc6 4. Bb5 Nd4 5. Ba4 c6 6. d3 b5 7. Bb3 Nxb3 8.
axb3 d6 9. Bg5 Be7 10. O-O Bg4 11. h3 Bh5 12. Qe2 a5 13. g4 Bg6 14. d4 Qc7 15.
b4 O-O 16. dxe5 dxe5 17. Rxa5 Rxa5 18. bxa5 b4 19. Bxf6 Bxf6 20. Na4 Qxa5 21.
b3 Qb5 22. Qe3 Be7 23. Rd1 Re8 24. Rd7 h6 25. c4 bxc3 26. Nxc3 Qxb3 27. Nxe5
Qe6 28. f4 Bf6 29. Rc7 Bxe5 30. fxe5 Qxe5 31. Rxc6 Ra8 32. Qe1 Qd4+ 33. Kg2 Rb8
34. Qe2 Rb3 35. Qc4 Rb2+ 36. Ne2 Bxe4+ 37. Kf1 Rb1+ 0-1

[Event "XV  MIEDZYNARODOWY FESTIWAL  SZACHOWY "]
[Site "Rewal"]
[Date "2010.08.20"]
[Round "2.19"]
[White "Obrusnik, Michal"]
[Black "Wiewiora, Eneasz"]
[Result "1-0"]
[WhiteElo "2196"]
[BlackElo "2042"]
[PlyCount "99"]
[EventDate "2010.08.20"]

1. d4 Nf6 2. c4 g6 3. g3 Bg7 4. Bg2 O-O 5. Nf3 d6 6. Nc3 Nc6 7. O-O a6 8. Qd3
e5 9. dxe5 dxe5 10. Qxd8 Rxd8 11. Bg5 Be6 12. Nd2 h6 13. Bxf6 Rxd2 14. Bxg7
Kxg7 15. Bxc6 bxc6 16. b3 Rad8 17. Rfd1 Bh3 18. f3 Bc8 19. Kf2 f5 20. Rxd2 Rxd2
21. Ke1 Rd6 22. Rd1 Kf7 23. Na4 f4 24. Nc5 fxg3 25. hxg3 h5 26. Nd3 Kf6 27. Kf2
a5 28. e4 Ke6 29. Ke3 Ke7 30. Rh1 Re6 31. g4 hxg4 32. Rh7+ Kd8 33. fxg4 Re8 34.
g5 Bg4 35. Rf7 Kc8 36. Rf6 Bh5 37. Rxc6 a4 38. Rc5 axb3 39. axb3 Kd7 40. Rxe5
Rf8 41. Rd5+ Kc6 42. Ne5+ Kb7 43. Rb5+ Kc8 44. Rb8+ Kxb8 45. Nd7+ Kb7 46. Nxf8
Kc6 47. Ne6 Bd1 48. b4 Kd6 49. Nf4 Bb3 50. Kd4 1-0

[Event "XV  MIEDZYNARODOWY FESTIWAL  SZACHOWY "]
[Site "Rewal"]
[Date "2010.08.20"]
[Round "2.20"]
[White "Puczylowski, Marcin"]
[Black "Jagodzinski, Piotr"]
[Result "1-0"]
[WhiteElo "2034"]
[BlackElo "2189"]
[PlyCount "86"]
[EventDate "2010.08.20"]

1. e4 c6 2. d4 d5 3. exd5 cxd5 4. Bd3 Nf6 5. Nf3 Bg4 6. O-O e6 7. c3 Nbd7 8.
Re1 a6 9. Nbd2 Bd6 10. Qc2 Qc7 11. h3 Bh5 12. Ng5 Bf4 13. h4 h6 14. Nh3 Bh2+
15. Kh1 g5 16. Nf1 Bd6 17. c4 g4 18. Ng1 g3 19. f3 dxc4 20. Qxc4 Qd8 21. Nh3
Nb6 22. Qb3 Nfd5 23. Be4 Kf8 24. f4 Bb4 25. Bd2 Bxd2 26. Nxd2 Qxh4 27. Nf3 Bxf3
28. Qxf3 Kg7 29. Rad1 Rac8 30. Rd3 Rhd8 31. f5 Rf8 32. Rb3 Rc7 33. Rf1 Rfc8 34.
fxe6 fxe6 35. Qxg3+ Qxg3 36. Rxg3+ Kh8 37. Rg6 Rc1 38. Rxh6+ Kg8 39. Rg6+ Kh8
40. Rxc1 Rxc1+ 41. Kh2 Ne3 42. Ng5 Rc7 43. Rxe6 Nf1+ 1-0

[Event "XV  MIEDZYNARODOWY FESTIWAL  SZACHOWY "]
[Site "Rewal"]
[Date "2010.08.20"]
[Round "2.21"]
[White "Sowul, Bartosz"]
[Black "Dobrowolski, Marcin"]
[Result "1/2-1/2"]
[WhiteElo "2128"]
[BlackElo "1964"]
[PlyCount "106"]
[EventDate "2010.08.20"]

1. d4 Nf6 2. c4 g6 3. Nc3 Bg7 4. e4 d6 5. f3 O-O 6. Be3 a6 7. Qd2 Nc6 8. Nge2
Rb8 9. Nc1 e5 10. d5 Nd4 11. N1e2 Nxe2 12. Bxe2 c5 13. g4 Bd7 14. Bg5 b5 15. h4
bxc4 16. Rb1 Qa5 17. h5 Rb7 18. Bd1 Rfb8 19. Qh2 h6 20. Bxf6 Bxf6 21. hxg6 Bg5
22. gxf7+ Kxf7 23. f4 Bxf4 24. O-O Kg7 25. Qc2 Qd8 26. Ne2 Be3+ 27. Kg2 Qg5 28.
Rf3 Bxg4 29. Rg3 Rf8 30. Nd4 cxd4 31. Rxg4 Rf2+ 32. Qxf2 Bxf2 33. Rxg5+ hxg5
34. Kxf2 c3 35. Bb3 a5 36. bxc3 a4 37. Bc2 Rf7+ 38. Kg2 dxc3 39. Bxa4 Rc7 40.
Bb3 Kg6 41. Rc1 g4 42. Kg3 Kg5 43. a4 Rh7 44. Rf1 Rh3+ 45. Kg2 Rh8 46. a5 Rb8
47. Ba4 Ra8 48. Kg3 Rxa5 49. Bc2 Ra2 50. Rf5+ Kg6 51. Rf2 Kg5 52. Rg2 Rb2 53.
Re2 Ra2 1/2-1/2

[Event "XV  MIEDZYNARODOWY FESTIWAL  SZACHOWY "]
[Site "Rewal"]
[Date "2010.08.20"]
[Round "2.22"]
[White "Motyl, Tomasz"]
[Black "Siwiec, Arkadiusz"]
[Result "1-0"]
[WhiteElo "2015"]
[BlackElo "2119"]
[PlyCount "65"]
[EventDate "2010.08.20"]

1. e4 c5 2. Nc3 Nc6 3. g3 g6 4. Bg2 Bg7 5. d3 e6 6. Be3 d6 7. f4 Nge7 8. Nf3
O-O 9. h4 h5 10. Ng5 Nd4 11. Qd2 Qa5 12. O-O Nec6 13. a3 Bd7 14. Bh3 b5 15. g4
f6 16. Nf3 Nxf3+ 17. Rxf3 hxg4 18. Bxg4 b4 19. Nd1 f5 20. Bh3 bxa3 21. Qxa5
axb2 22. Nxb2 Nxa5 23. Rxa5 Bxb2 24. Ra6 e5 25. Rg3 exf4 26. Bxf4 Bd4+ 27. Kg2
fxe4 28. Bxd7 Rxf4 29. Rxd6 Rxh4 30. Bc6 exd3 31. Rxd4 Kh8 32. Be8 dxc2 33. Ba4
1-0

[Event "XV  MIEDZYNARODOWY FESTIWAL  SZACHOWY "]
[Site "Rewal"]
[Date "2010.08.20"]
[Round "2.23"]
[White "Hansson, Hakan"]
[Black "Sachryn, Krystian"]
[Result "1-0"]
[WhiteElo "2114"]
[BlackElo "1862"]
[PlyCount "52"]
[EventDate "2010.08.20"]

1. d4 Nf6 2. c4 c5 3. e3 g6 4. Nf3 Bg7 5. Be2 O-O 6. O-O b6 7. Nc3 Bb7 8. d5 d6
9. e4 e6 10. Bf4 exd5 11. exd5 Nh5 12. Bg5 Bf6 13. Qd2 Re8 14. Bd3 Nd7 15. Bxf6
Nhxf6 16. Rae1 Ne5 17. Nxe5 dxe5 18. f4 exf4 19. Qxf4 Rxe1 20. Rxe1 Nh5 21. Qe3
Qd7 22. g3 Ng7 23. Qg5 Re8 24. Ne4 Kf8 25. Rf1 Qe7 26. Qf4 Qe5 1-0

[Event "XV  MIEDZYNARODOWY FESTIWAL  SZACHOWY "]
[Site "Rewal"]
[Date "2010.08.20"]
[Round "2.24"]
[White "Halamus, Agata"]
[Black "Pietocha, Pawel"]
[Result "0-1"]
[WhiteElo "1996"]
[BlackElo "2113"]
[PlyCount "62"]
[EventDate "2010.08.20"]

1. e4 b6 2. d4 Bb7 3. Bd3 e6 4. Nf3 c5 5. O-O Be7 6. Qe2 d6 7. c3 Nf6 8. Nbd2
Qc7 9. e5 dxe5 10. dxe5 Nfd7 11. Re1 Nc6 12. Nf1 O-O-O 13. Ba6 Bxa6 14. Qxa6+
Kb8 15. Bf4 Rhg8 16. Qe2 g5 17. Bg3 h5 18. h4 gxh4 19. Nxh4 Rg4 20. Nh2 Bxh4
21. Bxh4 Rxh4 22. g3 Ra4 23. b3 Ra5 24. f4 c4 25. Qxh5 cxb3 26. axb3 Rxa1 27.
Rxa1 Nf8 28. Qf3 Ne7 29. Ng4 Qc5+ 30. Kg2 Rd2+ 31. Kh3 Qd5 0-1

[Event "XV  MIEDZYNARODOWY FESTIWAL  SZACHOWY "]
[Site "Rewal"]
[Date "2010.08.20"]
[Round "2.25"]
[White "Gorol, Magdalena"]
[Black "Mucha, Marcin"]
[Result "0-1"]
[WhiteElo "1787"]
[BlackElo "2088"]
[PlyCount "38"]
[EventDate "2010.08.20"]

1. e4 c5 2. Nc3 e6 3. f4 d6 4. Nf3 Be7 5. d3 Nc6 6. Be3 Nf6 7. h3 Nh5 8. g4 Ng3
9. Rg1 Nxf1 10. Kxf1 O-O 11. Qe1 d5 12. Ne2 Nb4 13. Qc1 b6 14. a3 Nc6 15. g5
dxe4 16. dxe4 Bb7 17. Ng3 f5 18. c3 fxe4 19. Nxe4 Qd3+ 0-1

[Event "XV  MIEDZYNARODOWY FESTIWAL  SZACHOWY "]
[Site "Rewal"]
[Date "2010.08.21"]
[Round "3.1"]
[White "Jaracz, Pawel"]
[Black "Rudolf, Michal"]
[Result "1/2-1/2"]
[WhiteElo "2541"]
[BlackElo "2372"]
[PlyCount "43"]
[EventDate "2010.??.??"]

1. d4 Nf6 2. c4 g6 3. g3 Bg7 4. Bg2 d6 5. Nc3 O-O 6. Nf3 c6 7. O-O Qb6 8. e3
Qa6 9. Nd2 Be6 10. Qa4 Qxa4 11. Nxa4 Na6 12. a3 Rab8 13. b4 b5 14. cxb5 cxb5
15. Nc3 Rfc8 16. Bb2 Nc7 17. e4 Na8 18. Rac1 a6 19. Ne2 Nb6 20. Nf4 Nc4 21.
Nxc4 Bxc4 22. Rfe1 1/2-1/2

[Event "XV  MIEDZYNARODOWY FESTIWAL  SZACHOWY "]
[Site "Rewal"]
[Date "2010.08.21"]
[Round "3.2"]
[White "Sharapov, Evgeny"]
[Black "Korneevets, Alexander"]
[Result "1-0"]
[WhiteElo "2499"]
[BlackElo "2314"]
[PlyCount "83"]
[EventDate "2010.??.??"]

1. e4 c5 2. Nf3 d6 3. d4 cxd4 4. Nxd4 Nf6 5. Nc3 a6 6. g3 e5 7. Nb3 Be7 8. Bg2
Nc6 9. O-O Be6 10. Nd5 O-O 11. Be3 Bxd5 12. exd5 Nb8 13. a4 Qc7 14. Qe2 Nbd7
15. a5 b5 16. axb6 Nxb6 17. Bxb6 Qxb6 18. Ra2 Qb5 19. Qd2 Bd8 20. Rfa1 a5 21.
Ra4 h5 22. h3 Bc7 23. R1a3 Rfb8 24. c4 Qb6 25. c5 Qxb3 26. Rxb3 Rxb3 27. cxd6
Bxd6 28. Ra2 Rb5 29. Qe2 Rab8 30. Qc4 e4 31. Qc6 Rxd5 32. Bxe4 Rd1+ 33. Kg2
Nxe4 34. Qxe4 Bb4 35. b3 g6 36. Rc2 Rd7 37. f4 Rd2+ 38. Rxd2 Bxd2 39. f5 Kh7
40. Qe7 Kg8 41. fxg6 fxg6 42. Qd6 1-0

[Event "XV  MIEDZYNARODOWY FESTIWAL  SZACHOWY "]
[Site "Rewal"]
[Date "2010.08.21"]
[Round "3.3"]
[White "Piesik, Piotr"]
[Black "Koziak, Vitali"]
[Result "1/2-1/2"]
[WhiteElo "2264"]
[BlackElo "2470"]
[PlyCount "59"]
[EventDate "2010.??.??"]

1. d4 Nf6 2. Nf3 c5 3. d5 g6 4. Nc3 Bg7 5. e4 O-O 6. Be2 d6 7. O-O Na6 8. Nd2
Nc7 9. a4 b6 10. Nc4 Bb7 11. Be3 Qd7 12. h3 Rad8 13. Qd2 Rfe8 14. Bf4 Qc8 15.
Bh2 Qa8 16. Rad1 Nxe4 17. Nxe4 Bxd5 18. f3 Bxe4 19. fxe4 Qxe4 20. c3 Qc6 21.
Ne3 Bh6 22. Bf4 Bxf4 23. Rxf4 f5 24. Rh4 e6 25. Nc4 d5 26. Ne5 Qd6 27. Nxg6
hxg6 28. Rh8+ Kxh8 29. Qh6+ Kg8 30. Qxg6+ 1/2-1/2

[Event "XV  MIEDZYNARODOWY FESTIWAL  SZACHOWY "]
[Site "Rewal"]
[Date "2010.08.21"]
[Round "3.4"]
[White "Cyborowski, Lukasz"]
[Black "Wandzik, Wojciech"]
[Result "1-0"]
[WhiteElo "2529"]
[BlackElo "2151"]
[PlyCount "91"]
[EventDate "2010.??.??"]

1. Nf3 c5 2. c4 Nf6 3. d4 cxd4 4. Nxd4 Nc6 5. Nc3 g6 6. e4 d6 7. Be2 Nxd4 8.
Qxd4 Bg7 9. Be3 O-O 10. Qd2 Be6 11. f3 Qa5 12. Rc1 Rfc8 13. b3 a6 14. Na4 Qxd2+
15. Kxd2 Nd7 16. g4 Rab8 17. h3 Kf8 18. Nc3 Ke8 19. Rc2 Ne5 20. Nd5 Nc6 21. Nb6
Rc7 22. Rcc1 Bb2 23. Rb1 Bd4 24. f4 Bc5 25. Nd5 Rcc8 26. b4 Bxd5 27. exd5 Bxe3+
28. Kxe3 Nd8 29. Kd4 b6 30. h4 Kf8 31. h5 Kg7 32. g5 f5 33. gxf6+ exf6 34. hxg6
hxg6 35. Bd3 Nf7 36. Rbg1 Nh8 37. Bxg6 Nxg6 38. f5 Rh8 39. Rxg6+ Kf7 40. Rhh6
Rxh6 41. Rxh6 Kg7 42. Rh3 Ra8 43. Re3 Kf7 44. Re6 a5 45. Rxd6 axb4 46. Rxb6 1-0

[Event "XV  MIEDZYNARODOWY FESTIWAL  SZACHOWY "]
[Site "Rewal"]
[Date "2010.08.21"]
[Round "3.5"]
[White "Brodowski, Piotr"]
[Black "Andrenko, Irina"]
[Result "1-0"]
[WhiteElo "2421"]
[BlackElo "2133"]
[PlyCount "87"]
[EventDate "2010.??.??"]

1. c4 Nf6 2. g3 g6 3. Bg2 Bg7 4. Nc3 O-O 5. e4 c5 6. Nge2 Nc6 7. O-O Ne8 8. a3
a5 9. Nb5 Nc7 10. Nxc7 Qxc7 11. Rb1 d6 12. d3 Bg4 13. f3 Bd7 14. Be3 e5 15. Qd2
Rae8 16. f4 Nd4 17. Nc3 exf4 18. Bxf4 Bc6 19. b4 axb4 20. axb4 b6 21. Bh6 Ra8
22. Bxg7 Kxg7 23. Ne2 Nxe2+ 24. Qxe2 Qe7 25. bxc5 bxc5 26. Rb6 Rfc8 27. Qf2 Ra7
28. e5 Bxg2 29. exd6 Qd8 30. Qb2+ Kg8 31. Kxg2 Rca8 32. Kg1 Ra2 33. Qb5 Ra1 34.
d7 Rxf1+ 35. Kxf1 Ra1+ 36. Kg2 Ra2+ 37. Kf3 Kg7 38. Qc6 Rd2 39. Qd5 h5 40. Ke3
Rxh2 41. Qe5+ Kh6 42. Rb8 f6 43. Rxd8 fxe5 44. Re8 1-0

[Event "XV  MIEDZYNARODOWY FESTIWAL  SZACHOWY "]
[Site "Rewal"]
[Date "2010.08.21"]
[Round "3.6"]
[White "Klim, Kamil"]
[Black "Oliwa, Marek"]
[Result "1/2-1/2"]
[WhiteElo "2245"]
[BlackElo "2418"]
[PlyCount "112"]
[EventDate "2010.??.??"]

1. d4 d5 2. c4 c6 3. Nf3 Nf6 4. Qc2 g6 5. g3 Bf5 6. Qb3 Qb6 7. c5 Qxb3 8. axb3
Bxb1 9. Rxb1 Nbd7 10. b4 Bg7 11. Bh3 h6 12. O-O a6 13. Bd2 Ne4 14. Bc3 Ng5 15.
Bxd7+ Kxd7 16. Ne1 h5 17. h4 Ne6 18. Nf3 Nc7 19. Nd2 Nb5 20. Nb3 Rae8 21. e3 e5
22. dxe5 Bxe5 23. Bxe5 Rxe5 24. Rfd1 g5 25. hxg5 Rxg5 26. e4 h4 27. Kg2 hxg3
28. fxg3 Re8 29. Nd2 Reg8 30. Nf1 d4 31. Rd3 a5 32. Nd2 axb4 33. Nb3 Ke6 34.
Rf1 f6 35. Rf4 Rd8 36. Rh4 Rd7 37. g4 b6 38. cxb6 c5 39. Nd2 Nd6 40. Rf3 c4 41.
Rh6 Rf7 42. Rf4 Rg8 43. Nf3 c3 44. bxc3 dxc3 45. Kg3 Ke7 46. Nd4 Rc8 47. g5 Rg8
48. Nc6+ Kd7 49. Nxb4 Rxg5+ 50. Kf3 Rb5 51. Nc2 Rb2 52. e5 fxe5 53. Rxd6+ Kxd6
54. Rxf7 Rxc2 55. Rc7 Rb2 56. Rxc3 Rxb6 1/2-1/2

[Event "XV  MIEDZYNARODOWY FESTIWAL  SZACHOWY "]
[Site "Rewal"]
[Date "2010.08.21"]
[Round "3.8"]
[White "Janaszak, Dawid"]
[Black "Kastelik, Adrian"]
[Result "1-0"]
[WhiteElo "2318"]
[BlackElo "1942"]
[PlyCount "75"]
[EventDate "2010.??.??"]

1. e4 e5 2. Nf3 Nc6 3. Bc4 Nf6 4. d3 Be7 5. O-O d6 6. c3 a6 7. Bb3 O-O 8. Re1
Nd7 9. d4 Bf6 10. Be3 b5 11. Nbd2 Bb7 12. Nf1 Na5 13. Bc2 Re8 14. Ng3 g6 15. b3
Nc6 16. Qd2 Ne7 17. Bg5 Bg7 18. Bh6 f6 19. h4 c5 20. Rad1 Nf8 21. Nh2 Kh8 22.
h5 Ng8 23. Be3 Ne6 24. dxc5 dxc5 25. Qe2 Qe7 26. hxg6 hxg6 27. Qg4 g5 28. Nf5
Nh6 29. Qh3 Qf8 30. Ng4 Kh7 31. Rd7 Bc8 32. Qxh6+ Kg8 33. Rxg7+ Nxg7 34. Bxc5
Nxf5 35. Qg6+ Qg7 36. Nxf6+ Kh8 37. Qxe8+ Qf8 38. Qxf8# 1-0